The lay of Havelok the Dane / (Record no. 758043)
[ view plain ]
| 000 -LEADER | |
|---|---|
| fixed length control field | 00956nam a2200301 a 4500 |
| 001 - CONTROL NUMBER | |
| control field | vtls000921515 |
| 003 - CONTROL NUMBER IDENTIFIER | |
| control field | NLI |
| 005 - DATE AND TIME OF LATEST TRANSACTION | |
| control field | 20210627090600.0 |
| 008 - FIXED-LENGTH DATA ELEMENTS--GENERAL INFORMATION | |
| fixed length control field | 110906s1915 enk 000 0 eng |
| 039 #9 - LEVEL OF BIBLIOGRAPHIC CONTROL AND CODING DETAIL [OBSOLETE] | |
| -- | 201109061819 |
| -- | Vargis_01 |
| 040 0# - CATALOGING SOURCE | |
| Original cataloging agency | NLI |
| Language of cataloging | eng |
| Transcribing agency | Vergis_S |
| Description conventions | AACR2 |
| 041 0# - LANGUAGE CODE | |
| Language code of text/sound track or separate title | eng |
| 044 ## - COUNTRY OF PUBLISHING/PRODUCING ENTITY CODE | |
| MARC country code | enk |
| 084 ## - OTHER CLASSIFICATION NUMBER | |
| Classification number | 157 |
| 130 0# - MAIN ENTRY--UNIFORM TITLE | |
| Uniform title | Havelok the Dane. |
| 9 (RLIN) | 878470 |
| 245 14 - TITLE STATEMENT | |
| Title | The lay of Havelok the Dane / |
| Statement of responsibility, etc. | edited by by Walter W. Skeat and Kenneth Sisam |
| 250 ## - EDITION STATEMENT | |
| Edition statement | 2nd ed., rev. |
| 260 ## - PUBLICATION, DISTRIBUTION, ETC. | |
| Place of publication, distribution, etc. | Oxford : |
| Name of publisher, distributor, etc. | Clarendon Press, |
| Date of publication, distribution, etc. | 1915 |
| 300 ## - PHYSICAL DESCRIPTION | |
| Extent | 149 p. ; |
| Dimensions | 18 cm. |
| 650 #0 - SUBJECT ADDED ENTRY--TOPICAL TERM | |
| Topical term or geographic name entry element | Havelok the Dane (Legendary character) |
| General subdivision | Romances |
| 9 (RLIN) | 878471 |
| 700 1# - ADDED ENTRY--PERSONAL NAME | |
| Personal name | Sisam, Kenneth, |
| Relationship | edt |
| 9 (RLIN) | 846983 |
| 700 1# - ADDED ENTRY--PERSONAL NAME | |
| Personal name | Skeat, Walter W. |
| Fuller form of name | (Walter William), d 1835-1912, |
| Relationship | edt |
| 9 (RLIN) | 878472 |
| 887 ## - NON-MARC INFORMATION FIELD | |
| Content of non-MARC field | |
| 901 ## - LOCAL DATA ELEMENT A, LDA (RLIN) | |
| a | IMP81351 ; |
| b | 30.12.2010 |
| 902 ## - LOCAL DATA ELEMENT B, LDB (RLIN) | |
| a | 157 E 141 |
| 949 ## - LOCAL PROCESSING INFORMATION (OCLC) | |
| -- | VIRTUAITEM |
| -- | 10000 |
| -- | 100 |
| 6 | IMP000081351ENG |
| 942 ## - ADDED ENTRY ELEMENTS (KOHA) | |
| Source of classification or shelving scheme | Dewey Decimal Classification |
| Koha item type | Books |
| Withdrawn status | Lost status | Damaged status | Not for loan | Home library | Current library | Date acquired | Total Checkouts | Full call number | Barcode | Date last seen | Price effective from | Koha item type |
|---|---|---|---|---|---|---|---|---|---|---|---|---|
| National Library of India | National Library of India | 157 E 141 | IMP000081351ENG | 27/06/2021 | 27/06/2021 | Books |
